| 000 | 00375nam a2200157Ia 4500 | ||
|---|---|---|---|
| 008 | 230524s9999 xx 000 0 und d | ||
| 082 |
_a540 _bGRI |
||
| 100 | _aDavid J. Griffths | ||
| 245 | 0 | _aIntroduction to Electrodynamics | |
| 250 | _a3RD | ||
| 260 |
_aNEW DELHI _bPHI _c2007 |
||
| 300 | _aX;580 | ||
| 500 | _aQuantity Number: 12 | ||
| 650 | _aPhysics | ||
| 942 | _cBK | ||
| 999 |
_c40008 _d40008 |
||